Seni bercakap-cakap dan berbual-bual

Bibliographic Details
Main Author: Abdullah Hasan
Other Authors: Ainon Mohd
Format: Book
Published: Pahang : PTS Publications & Distributors , 2005
Subjects:

MARC

LEADER 00000cam a2200000 7i4500
001 0000024271
005 20081212.0
008 081212
020 |a 9831920163 
090 0 0 |a 302.224   |b ABD 
100 0 |a Abdullah Hasan 
245 1 0 |a Seni bercakap-cakap dan berbual-bual   |c Abdullah Hasan & Ainon Mohd. 
260 |a Pahang :   |b PTS Publications & Distributors ,   |c 2005 
650 0 |a Interpersonal communication 
650 0 |a Oral communication 
700 0 |a Ainon Mohd. 
999 |a 0001028022   |b Book   |c Adult Collection   |e Perbadanan Perpustakaan Awam Johor